00656nam a2200205Ia 4500003000900000008004100009020001800050040001600068080001600084100002900100245005500129260004800184300001400232650004100246650001600287700002600303942000700329999001500336952009900351IN-BaIIA211028s9999 xx 000 0 eng d a0-86720-029-4 cIIA Library a523.64bCHA aChapman, Robert D910675 4aThe comet bookcRobert D Chapman and John C Brandt aBostonbJones and Bartlett Publishersc1984 avi, 168p. aAstronomy and astrophysics thesaurus aComets9755 aBrandt, John C.94599 cBK c8559d8559 00104070aBANbBANcGENd1986-01-07l0o523.64/ CHAp9428r2021-11-05w1986-01-07yBKG16.45